[Event "British Chess Championships 2023: U16 Championship"]
[Site "De Montfort University, 20 Western Boulevard, Leicester, LE2 7BU"]
[Date "2023.07.25"]
[Round "1"]
[Board "1"]
[White "Pert, Max P"]
[Black "Sharma, Josh"]
[Result "1-0"]
[WhiteElo "1936"]
[BlackElo "1624"]
[PlyCount "77"]
[EventDate "2023.07.25"]
[EventRounds "7"]
[EventCountry "ENG"]

1. d4 Nf6 2. Bg5 d5 3. e3 c5 4. Bxf6 gxf6 5. dxc5 e6 6. c4 dxc4 7. Nd2 Bxc5 8. Bxc4
f5 9. Ngf3 Nc6 10. O-O Qf6 11. Qc2 Be7 12. Rfd1 Bd7 13. Bb5 a6 14. Bf1 Rc8 15. Nc4
Nb4 16. Qb3 Bc6 17. Nd4 Bd5 18. a3 Nc6 19. Qxb7 O-O 20. Nxc6 Rxc6 21. Nb6 Be4 22.
Nd7 Qh4 23. f3 Bd6 24. Rxd6 Rxd6 25. fxe4 Rd8 26. Ne5 Qf6 27. Nc6 Rd1 28. Rxd1 Rxd1
29. exf5 Qg5 30. Qb8+ Kg7 31. Qf4 Qxf4 32. exf4 exf5 33. b4 Ra1 34. Nb8 Rxa3 35.
Bxa6 Ra1+ 36. Kf2 Ra2+ 37. Be2 Rb2 38. b5 Kf6 39. Nc6  1-0

[Event "British Chess Championships 2023: U16 Championship"]
[Site "De Montfort University, 20 Western Boulevard, Leicester, LE2 7BU"]
[Date "2023.07.25"]
[Round "1"]
[Board "2"]
[White "Schell, Finn"]
[Black "Pal, Rohan"]
[Result "1/2-1/2"]
[WhiteElo "1744"]
[BlackElo "1966"]
[PlyCount "42"]
[EventDate "2023.07.25"]
[EventRounds "7"]
[EventCountry "ENG"]

1. e4 c5 2. Nf3 Nc6 3. Bb5 g6 4. O-O Bg7 5. Re1 e5 6. Bxc6 bxc6 7. b3 Ne7 8. Bb2
d6 9. h3 O-O 10. d3 f5 11. Nbd2 f4 12. c3 h6 13. d4 exd4 14. cxd4 d5 15. Qc2 cxd4
16. Bxd4 Bxd4 17. Nxd4 Qb6 18. N4f3 Bd7 19. exd5 Bf5 20. Qb2 Nxd5 21. Nd4 c5  1/2-1/2

[Event "British Chess Championships 2023: U16 Championship"]
[Site "De Montfort University, 20 Western Boulevard, Leicester, LE2 7BU"]
[Date "2023.07.25"]
[Round "1"]
[Board "3"]
[White "Madhavan, Sanjith"]
[Black "Burnton, Joshua"]
[Result "1-0"]
[WhiteElo "1987"]
[BlackElo "1335"]
[PlyCount "97"]
[EventDate "2023.07.25"]
[EventRounds "7"]
[EventCountry "ENG"]

1. e4 e5 2. Nc3 Nf6 3. g3 Nc6 4. Bg2 Bc5 5. Nge2 d6 6. O-O a5 7. d3 h6 8. h3 Be6
9. Kh2 d5 10. f4 exf4 11. Nxf4 dxe4 12. Nxe6 fxe6 13. Rxf6 Qxf6 14. Qh5+ Qf7 15.
Qxc5 O-O-O 16. Bxe4 Nd4 17. Be3 b6 18. Qc4 Nxc2 19. Bxb6 Nxa1 20. Bc5 c6 21. Bxc6
Rd7 22. Ne4 Kc7 23. Bd6+ Kd8 24. Bxd7 Qxd7 25. Qc1 Qa7 26. Qxa1 Kd7 27. Qf1 Qb6 28.
Qf7+ Kc6 29. Qxe6 Qxb2+ 30. Kh1 Qb1+ 31. Kg2 Qb2+ 32. Nf2 Qf6 33. Qc4+ Kd7 34. Ne4
Qb2+ 35. Kf3 Qb6 36. Qd5 Ke8 37. Qe6+ Kd8 38. Qe7+ Kc8 39. Bf4 Qc6 40. Qxg7 Rd8 41.
Kg4 Qe6+ 42. Kh4 Rd7 43. Qf8+ Rd8 44. Qc5+ Kd7 45. Qd4+ Ke8 46. Qh8+ Ke7 47. Qg7+
Qf7 48. Qxh6 Rg8 49. Qd6+  1-0

[Event "British Chess Championships 2023: U16 Championship"]
[Site "De Montfort University, 20 Western Boulevard, Leicester, LE2 7BU"]
[Date "2023.07.25"]
[Round "1"]
[Board "4"]
[White "Whelan, Joseph"]
[Black "Chopra, Manmay"]
[Result "0-1"]
[WhiteElo "1506"]
[BlackElo "1986"]
[PlyCount "66"]
[EventDate "2023.07.25"]
[EventRounds "7"]
[EventCountry "ENG"]

1. d4 Nf6 2. Bf4 b6 3. c4 e6 4. a3 Bb7 5. Nc3 d6 6. e3 Nbd7 7. Bg3 a6 8. d5 e5 9.
Qc2 g6 10. Be2 Bg7 11. O-O-O Qe7 12. Bh4 O-O 13. Ne4 Qe8 14. Bxf6 Nxf6 15. Nxf6+
Bxf6 16. f4 exf4 17. e4 b5 18. Nf3 c6 19. dxc6 Bxc6 20. Nd2 bxc4 21. Bxc4 Rc8 22.
Bxa6 Bxe4 23. Qxc8 Qxc8+ 24. Bxc8 Rxc8+ 25. Nc4 Rxc4+ 26. Kd2 Rc2+ 27. Ke1 Bh4+ 28.
g3 fxg3 29. hxg3 Bxg3+ 30. Kf1 Bxh1 31. Kg1 Bf3 32. Rf1 Rg2+ 33. Kh1 Rh2+  0-1

[Event "British Chess Championships 2023: U16 Championship"]
[Site "De Montfort University, 20 Western Boulevard, Leicester, LE2 7BU"]
[Date "2023.07.25"]
[Round "1"]
[Board "5"]
[White "Cordova Lopez, Diego Anton"]
[Black "Wills, Jack"]
[Result "1/2-1/2"]
[WhiteElo "1900"]
[BlackElo "1674"]
[PlyCount "120"]
[EventDate "2023.07.25"]
[EventRounds "7"]
[EventCountry "ENG"]

1. e4 e5 2. Nf3 Nc6 3. Nc3 Nf6 4. a3 Be7 5. d4 exd4 6. Nxd4 O-O 7. Bf4 d6 8. Qd2
a6 9. O-O-O Ne5 10. f3 Re8 11. Be2 b5 12. g4 c5 13. Bxe5 dxe5 14. Nc6 Qxd2+ 15. Rxd2
Bf8 16. Rhd1 Bb7 17. Nd8 Re7 18. Nxb7 Rxb7 19. Nd5 Nxd5 20. Rxd5 f6 21. c3 c4 22.
a4 Rc8 23. axb5 axb5 24. Kc2 Ra8 25. Rxb5 Rc7 26. Rdd5 h6 27. Ra5 Rac8 28. Ra1 Rc6
29. Rad1 R8c7 30. Rd8 Rc5 31. R1d7 R5c6 32. Rxc7 Rxc7 33. Ra8 Kf7 34. Ra4 Kg6 35.
Bxc4 Rc8 36. Bd5 Kg5 37. Kd3 Kf4 38. Ke2 Rb8 39. Ra2 Bc5 40. b4 Bg1 41. Rb2 Bxh2
42. b5 Bg1 43. c4 Bc5 44. Ra2 Bd4 45. Ra6 Bb6 46. Be6 Bd4 47. Rc6 Rb6 48. Rxb6 Bxb6
49. Bf7 Bc5 50. Bg6 Bb6 51. Bh5 Bc5 52. Bf7 Bb6 53. Bg6 Bc5 54. Bf5 Bb6 55. Kd3 Kxf3
56. Kc3 Ke3 57. Kb4 Kd4 58. Bg6 Bc5+ 59. Kb3 Bd6 60. b6 Kc5  1/2-1/2

[Event "British Chess Championships 2023: U16 Championship"]
[Site "De Montfort University, 20 Western Boulevard, Leicester, LE2 7BU"]
[Date "2023.07.25"]
[Round "1"]
[Board "6"]
[White "Patel, Keatan"]
[Black "Sachdeva, Ronit"]
[Result "0-1"]
[WhiteElo "1536"]
[BlackElo "1717"]
[PlyCount "136"]
[EventDate "2023.07.25"]
[EventRounds "7"]
[EventCountry "ENG"]

1. d4 d5 2. c4 c6 3. cxd5 cxd5 4. Bf4 Nf6 5. e3 Nc6 6. Nc3 a6 7. Bd3 Bg4 8. f3 Bd7
9. Nge2 e6 10. a3 Rc8 11. O-O Nh5 12. Qe1 Nxf4 13. Nxf4 Bd6 14. Nfe2 O-O 15. e4 dxe4
16. Nxe4 Be7 17. b4 Be8 18. Qf2 e5 19. Rad1 Nxd4 20. Nxd4 Qxd4 21. Qxd4 exd4 22.
Bb1 Bb5 23. Rf2 g6 24. Ba2 Kg7 25. g4 Rfd8 26. Bb3 Bc6 27. Rfd2 Bxe4 28. fxe4 Bg5
29. Rd3 Be3+ 30. Kg2 Re8 31. Kf3 Re7 32. h3 Rec7 33. a4 b5 34. axb5 axb5 35. Kg3
Rc3 36. Bd5 R8c7 37. Bb3 g5 38. Kg2 Bf4 39. Bd5 Rc2+ 40. Kg1 Be3+ 41. Kh1 Rb2 42.
Rb3 Rcc2 43. Rxb2 Rxb2 44. Rd3 Kf6 45. Rb3 Rxb3 46. Bxb3 Bd2 47. Kg2 Bxb4 48. Kf3
d3 49. Ke3 d2 50. Kd4 Ke7 51. Kd5 Bc3 52. Kc6 b4 53. Kd5 Kd7 54. Ba4+ Kc7 55. Bd1
Kb6 56. Bb3 f6 57. Bd1 Kb5 58. Bb3 Be5 59. Bd1 b3 60. Bxb3 Kb4 61. Bd1 Kc3 62. Ke6
Kb2 63. Kf7 Kc1 64. Ba4 d1=Q 65. Bxd1 Kxd1 66. Kg7 Ke2 67. Kh6 Kf3 68. Kh5 Kg3  0-1

[Event "British Chess Championships 2023: U16 Championship"]
[Site "De Montfort University, 20 Western Boulevard, Leicester, LE2 7BU"]
[Date "2023.07.25"]
[Round "1"]
[Board "7"]
[White "Evans, Ruben Nangalia"]
[Black "Afonso, Davi Diniz"]
[Result "1-0"]
[WhiteElo "1552"]
[BlackElo "1543"]
[PlyCount "55"]
[EventDate "2023.07.25"]
[EventRounds "7"]
[EventCountry "ENG"]

1. d4 Nf6 2. c4 g6 3. Nc3 d5 4. cxd5 Nxd5 5. e4 Nxc3 6. bxc3 Bg7 7. Be3 c5 8. Bc4
O-O 9. Ne2 Nc6 10. O-O Bg4 11. f3 Na5 12. Bb3 cxd4 13. cxd4 Bd7 14. Re1 a6 15. Rc1
b5 16. Nf4 Rc8 17. Nd3 Nxb3 18. Qxb3 Rxc1 19. Rxc1 Qb6 20. Nc5 Be6 21. d5 Bc8 22.
Nd7 Qa5 23. Nxf8 Bxf8 24. Qc3 Qxc3 25. Rxc3 Bd7 26. Rc7 Be8 27. Rc8 Bd7 28. Rd8  1-0

[Event "British Chess Championships 2023: U16 Championship"]
[Site "De Montfort University, 20 Western Boulevard, Leicester, LE2 7BU"]
[Date "2023.07.25"]
[Round "1"]
[Board "8"]
[White "Ananyev, Yaroslav"]
[Black "Rich, Aaron"]
[Result "1-0"]
[WhiteElo "1564"]
[BlackElo "1583"]
[PlyCount "49"]
[EventDate "2023.07.25"]
[EventRounds "7"]
[EventCountry "ENG"]

1. e4 c5 2. Nf3 Nc6 3. d4 cxd4 4. Nxd4 g6 5. c4 Bg7 6. Be3 Nf6 7. Nc3 Ng4 8. Qxg4
Nxd4 9. Qd1 Nc6 10. Rc1 d6 11. Be2 h5 12. O-O b6 13. Qd2 Bb7 14. b3 Qd7 15. f4 h4
16. h3 Rc8 17. Bg4 f5 18. exf5 gxf5 19. Bf3 Qe6 20. Rce1 Qg6 21. Nd5 Rg8 22. Qe2
e5 23. Bh5 Qxh5 24. Qxh5+ Kd7 25. Qf7+  1-0

[Event "British Chess Championships 2023: U16 Championship"]
[Site "De Montfort University, 20 Western Boulevard, Leicester, LE2 7BU"]
[Date "2023.07.25"]
[Round "1"]
[Board "9"]
[White "Latypova, Olga L"]
[Black "Wynn, Jacob R"]
[Result "0-1"]
[WhiteElo "1693"]
[BlackElo "1291"]
[PlyCount "86"]
[EventDate "2023.07.25"]
[EventRounds "7"]
[EventCountry "ENG"]

1. e4 e5 2. Nf3 Nc6 3. Bc4 Bc5 4. c3 Nf6 5. d3 d6 6. O-O a6 7. Nbd2 Be6 8. Bxe6 fxe6
9. b4 Ba7 10. Qb3 Qd7 11. a4 O-O 12. Nc4 b5 13. Ne3 Kh8 14. Re1 Nd8 15. h3 Nb7 16.
Bd2 c5 17. Ra2 Nh5 18. Rea1 bxa4 19. Rxa4 Nf4 20. Ne1 Qf7 21. f3 cxb4 22. cxb4 Bd4
23. R1a2 Rab8 24. Qd1 Qg6 25. Kh2 a5 26. bxa5 Nc5 27. Rc4 Ncxd3 28. Nxd3 Nxd3 29.
Rc7 Qh5 30. a6 Qh4 31. Qe2 Qf4+ 32. Kh1 Rb1+ 33. Nf1 Nf2+ 34. Qxf2 Bxf2 35. Bxf4
Rxf1+ 36. Kh2 exf4 37. Rxf2 Rxf2 38. a7 Ra2 39. Rb7 Kg8 40. Kg1 d5 41. exd5 exd5
42. Kf1 d4 43. Ke1 d3  0-1

[Event "British Chess Championships 2023: U16 Championship"]
[Site "De Montfort University, 20 Western Boulevard, Leicester, LE2 7BU"]
[Date "2023.07.25"]
[Round "1"]
[Board "10"]
[White "Sengupta, Sohana"]
[Black "Chan, Michelle Ngo Yu"]
[Result "0-1"]
[WhiteElo "1242"]
[BlackElo "1642"]
[PlyCount "76"]
[EventDate "2023.07.25"]
[EventRounds "7"]
[EventCountry "ENG"]

1. e4 e5 2. Nf3 Nc6 3. d4 exd4 4. Nxd4 Nf6 5. Nxc6 bxc6 6. Bd3 d5 7. exd5 cxd5 8.
O-O Be7 9. c3 O-O 10. Be3 c5 11. Be2 Rb8 12. Qd2 Ne4 13. Qc2 Bf5 14. Bd3 c4 15. Be2
Ng3 16. Qd2 Nxf1 17. Kxf1 a5 18. Bd1 Bd3+ 19. Kg1 Qd7 20. b3 Qf5 21. Qc1 Rfc8 22.
h3 h5 23. Nd2 Bf6 24. bxc4 Bxc4 25. Nf3 Bd3 26. Nd4 Qg6 27. Bb3 Be4 28. f3 Bxf3 29.
Nxf3 Rxc3 30. Qe1 Rxe3 31. Qxe3 Bxa1 32. Qd2 Qd6 33. Kh1 a4 34. Bc2 Rb2 35. Ng5 g6
36. Qf2 Qc7 37. Qe1 Rxc2 38. Qe8+ Kg7  0-1

[Event "British Chess Championships 2023: U16 Championship"]
[Site "De Montfort University, 20 Western Boulevard, Leicester, LE2 7BU"]
[Date "2023.07.25"]
[Round "1"]
[Board "11"]
[White "Buckland, Louis"]
[Black "Kathuria, Khush"]
[Result "0-1"]
[WhiteElo "1650"]
[BlackElo "1384"]
[PlyCount "74"]
[EventDate "2023.07.25"]
[EventRounds "7"]
[EventCountry "ENG"]

1. d4 Nf6 2. Bg5 Ne4 3. h4 d5 4. Nd2 Bf5 5. e3 h6 6. Bf4 e6 7. Ngf3 c5 8. Bxb8 Qxb8
9. Bb5+ Kd8 10. Ne5 Qc7 11. O-O Bd6 12. Ndf3 f6 13. g4 Bh7 14. Nd3 c4 15. Nf4 Bxf4
16. exf4 a6 17. Bxc4 Qxc4 18. b3 Qc7 19. c4 Qxf4 20. Rc1 Qxg4+ 21. Kh1 Qh3+ 22. Nh2
Qxh4 23. Qe1 a5 24. b4 axb4 25. Qxb4 Nxf2+ 26. Rxf2 Be4+ 27. Kg1 Qg5+ 28. Ng4 Qxg4+
29. Kf1 Qh3+ 30. Ke1 Qe3+ 31. Kd1 Bf3+ 32. Rxf3 Qxf3+ 33. Kc2 Qf2+ 34. Kd3 Qf4 35.
Re1 Ra6 36. cxd5 Qf5+ 37. Kc3 Qxd5  0-1

[Event "British Chess Championships 2023: U16 Championship"]
[Site "De Montfort University, 20 Western Boulevard, Leicester, LE2 7BU"]
[Date "2023.07.25"]
[Round "1"]
[Board "12"]
[White "Quaite, Toby"]
[Black "Ivan, Austin"]
[Result "0-1"]
[WhiteElo "1374"]
[BlackElo "1550"]
[PlyCount "126"]
[EventDate "2023.07.25"]
[EventRounds "7"]
[EventCountry "ENG"]

1. d4 d5 2. c4 e6 3. Nf3 c5 4. cxd5 exd5 5. Nc3 Nc6 6. g3 Nf6 7. Bg5 Be7 8. Bg2 O-O
9. dxc5 d4 10. Bxf6 Bxf6 11. Ne4 Be7 12. O-O f5 13. Nd6 Bxd6 14. cxd6 Qxd6 15. e3
d3 16. Qd2 Rd8 17. Rfd1 Be6 18. b3 a5 19. Rac1 a4 20. Rc3 axb3 21. axb3 Qb4 22. Rxd3
Rxd3 23. Qxd3 Qxb3 24. Qxb3 Bxb3 25. Rb1 Bc2 26. Rxb7 Ra1+ 27. Bf1 Bd3 28. Nd2 Rd1
29. Rb2 Ne5 30. Kg2 g6 31. h3 Kg7 32. f4 Nc4 33. Ra2 Nxe3+ 34. Kf2 Nxf1 35. Ra7+
Kg8 36. Nf3 Bc4 37. Ra8+ Kg7 38. Ra7+ Kg8 39. Ra8+ Kg7 40. Ra7+ Kf6 41. Rxh7 Nd2
42. Ne5 Ne4+ 43. Kf3 Rf1+ 44. Ke3 Re1+ 45. Kd4 Be6 46. Rh6 Rd1+ 47. Ke3 Bf7 48. g4
Kg7 49. Nxf7 Kxf7 50. gxf5 gxf5 51. Kf3 Rd3+ 52. Ke2 Rg3 53. h4 Nf6 54. Kf2 Rg6 55.
Rh8 Rg8 56. Rxg8 Nxg8 57. Ke3 Ke6 58. Kd4 Nf6 59. Ke3 Kd5 60. Kf3 Kd4 61. Kf2 Ke4
62. Kg3 Nh5+ 63. Kf2 Kxf4  0-1

[Event "British Chess Championships 2023: U16 Championship"]
[Site "De Montfort University, 20 Western Boulevard, Leicester, LE2 7BU"]
[Date "2023.07.25"]
[Round "1"]
[Board "14"]
[White "Ewart, Samuel"]
[Black "Burke, Alexander"]
[Result "0-1"]
[WhiteElo "1086"]
[BlackElo "1792"]
[PlyCount "76"]
[EventDate "2023.07.25"]
[EventRounds "7"]
[EventCountry "ENG"]

1. d4 g6 2. Nf3 Bg7 3. Bf4 Nf6 4. e3 O-O 5. c4 d6 6. Nc3 Nbd7 7. Bd3 c5 8. O-O Ne8
9. d5 Ndf6 10. h3 e5 11. Bg5 Qb6 12. Qb3 Bd7 13. e4 Kh8 14. Ne2 Ng8 15. Ng3 f6 16.
Be3 Qxb3 17. axb3 Nc7 18. Bd2 Rfb8 19. b4 b6 20. bxc5 bxc5 21. b4 Ne7 22. Rfb1 Nc8
23. Rb2 f5 24. Ne2 fxe4 25. Bxe4 Bf5 26. Nc3 cxb4 27. Bxf5 gxf5 28. Na4 e4 29. Ng5
Bxb2 30. Nxb2 h6 31. Ne6 Nxe6 32. dxe6 Kg7 33. Ra4 a5 34. Bf4 Rb6 35. Bd2 Rb7 36.
e7 Nxe7 37. c5 dxc5 38. Nc4 Nc6  0-1

[Event "British Chess Championships 2023: U16 Championship"]
[Site "De Montfort University, 20 Western Boulevard, Leicester, LE2 7BU"]
[Date "2023.07.26"]
[Round "2"]
[Board "1"]
[White "Ivan, Austin"]
[Black "Pert, Max P"]
[Result "1/2-1/2"]
[WhiteElo "1550"]
[BlackElo "1936"]
[PlyCount "55"]
[EventDate "2023.07.25"]
[EventRounds "7"]
[EventCountry "ENG"]

1. d4 d5 2. Bf4 Nf6 3. e3 c5 4. Nc3 a6 5. dxc5 Nc6 6. a3 e5 7. Bg5 Be6 8. b4 Be7
9. Nf3 O-O 10. Be2 Qc7 11. O-O Rad8 12. Qc1 h6 13. Bxf6 Bxf6 14. e4 Nd4 15. Re1 dxe4
16. Nxe4 Nxe2+ 17. Rxe2 Be7 18. Qe1 f6 19. Rd1 Rxd1 20. Qxd1 Qc6 21. Qe1 Rd8 22.
Rd2 Rxd2 23. Nexd2 Kf7 24. Qe3 a5 25. Qc3 Bd5 26. Qe3 b6 27. c4 Be6 28. Qxe5  1/2-1/2

[Event "British Chess Championships 2023: U16 Championship"]
[Site "De Montfort University, 20 Western Boulevard, Leicester, LE2 7BU"]
[Date "2023.07.26"]
[Round "2"]
[Board "2"]
[White "Burke, Alexander"]
[Black "Madhavan, Sanjith"]
[Result "0-1"]
[WhiteElo "1792"]
[BlackElo "1987"]
[PlyCount "63"]
[EventDate "2023.07.25"]
[EventRounds "7"]
[EventCountry "ENG"]

1. e4 c6 2. Nf3 d5 3. exd5 cxd5 4. Ne5 a6 5. d4 Nc6 6. Nxc6 bxc6 7. Bf4 Nf6 8. c3
Bf5 9. Bd3 Bxd3 10. Qxd3 e6 11. O-O Bd6 12. Be5 Bxe5 13. dxe5 Nd7 14. Qg3 O-O 15.
f4 Qb6+ 16. Qf2 Rab8 17. Qxb6 Nxb6 18. b3 c5 19. Rd1 a5 20. Nd2 f5 21. Nf3 h6 22.
b4 Na4 23. bxc5 Nxc3 24. Rd2 Rb4 25. Nd4 Rxd4 26. Rxd4 Ne2+ 27. Kf2 Nxd4 28. Rb1
Rc8 29. Ke3 Nc2+ 30. Kd2 Nb4 31. a3 Na6 32. Rb5  0-1

[Event "British Chess Championships 2023: U16 Championship"]
[Site "De Montfort University, 20 Western Boulevard, Leicester, LE2 7BU"]
[Date "2023.07.26"]
[Round "2"]
[Board "3"]
[White "Chopra, Manmay"]
[Black "Sedykh, Stakhey"]
[Result "1/2-1/2"]
[WhiteElo "1986"]
[BlackElo "1635"]
[PlyCount "124"]
[EventDate "2023.07.25"]
[EventRounds "7"]
[EventCountry "ENG"]

1. e4 e5 2. Nf3 Nc6 3. Bb5 a6 4. Ba4 Nf6 5. O-O d6 6. Re1 Be7 7. c3 b5 8. Bc2 Bg4
9. h3 Bh5 10. d3 O-O 11. Nbd2 Re8 12. Nf1 Bf8 13. Ng3 Bxf3 14. Qxf3 g6 15. a4 Qe7
16. Bg5 Bg7 17. h4 h6 18. Bd2 Red8 19. h5 Kh7 20. Kh2 Qe6 21. Rh1 d5 22. exd5 Qxd5
23. Qxd5 Nxd5 24. hxg6+ fxg6 25. Ne4 b4 26. Nc5 Rd6 27. g3 a5 28. Kg2 Rb8 29. Rab1
Re8 30. Ne4 Rdd8 31. Rh3 Nce7 32. Rbh1 bxc3 33. bxc3 Nf5 34. g4 Nd6 35. Nxd6 cxd6
36. Bxh6 Bxh6 37. Rxh6+ Kg7 38. Rh7+ Kf6 39. Ra7 Ra8 40. Rxa8 Rxa8 41. c4 Nb4 42.
Bb1 Rb8 43. Kf3 d5 44. cxd5 Nxd5 45. Ba2 Nc3 46. Bc4 Rb4 47. Rc1 Nxa4 48. Ke4 Nb6
49. g5+ Kxg5 50. Kxe5 a4 51. Rg1+ Kh5 52. Bf7 Nd7+ 53. Ke6 Nc5+ 54. Kd5 Nb3 55. Bxg6+
Kh6 56. Be4 Rb6 57. Rh1+ Kg5 58. Rh8 Ra6 59. Rg8+ Kf4 60. Rf8+ Kg5 61. Rg8+ Kf4 62.
Rf8+ Kg5  1/2-1/2

[Event "British Chess Championships 2023: U16 Championship"]
[Site "De Montfort University, 20 Western Boulevard, Leicester, LE2 7BU"]
[Date "2023.07.26"]
[Round "2"]
[Board "4"]
[White "Sachdeva, Ronit"]
[Black "Ananyev, Yaroslav"]
[Result "1-0"]
[WhiteElo "1717"]
[BlackElo "1564"]
[PlyCount "109"]
[EventDate "2023.07.25"]
[EventRounds "7"]
[EventCountry "ENG"]

1. d4 d5 2. Nf3 Nf6 3. e3 e6 4. Bd3 Bd6 5. b3 O-O 6. O-O b6 7. Bb2 Nbd7 8. Nbd2 Bb7
9. c4 Ne4 10. Ne5 f6 11. Nxd7 Qxd7 12. f3 Nxd2 13. Qxd2 c5 14. cxd5 Bxd5 15. Rfd1
Qc7 16. h3 Rfd8 17. e4 Bb7 18. Bc4 cxd4 19. Bxe6+ Kh8 20. Bc4 Bf4 21. Qe2 Be3+ 22.
Kh1 Qe5 23. Qxe3 dxe3 24. Bxe5 fxe5 25. Kg1 Rd2 26. Rxd2 exd2 27. Rd1 Rd8 28. Kf2
Rd6 29. Ke3 g6 30. Rxd2 Rxd2 31. Kxd2 Kg7 32. Ke3 Kf6 33. g3 g5 34. f4 h6 35. f5
a5 36. Kf3 Bc6 37. a4 Be8 38. Ke3 Bh5 39. g4 Be8 40. Kd3 Bd7 41. Kc3 Bc6 42. Bd5
Bd7 43. Kc4 Be8 44. Bb7 Bf7+ 45. Kb5 Bxb3 46. Bc6 Bd1 47. Kxb6 Bf3 48. Kxa5 Bg2 49.
Kb6 Bxh3 50. a5 Bf1 51. Bb5 Bg2 52. Bd3 h5 53. gxh5 g4 54. a6 g3 55. a7  1-0

[Event "British Chess Championships 2023: U16 Championship"]
[Site "De Montfort University, 20 Western Boulevard, Leicester, LE2 7BU"]
[Date "2023.07.26"]
[Round "2"]
[Board "5"]
[White "Wynn, Jacob R"]
[Black "Evans, Ruben Nangalia"]
[Result "1/2-1/2"]
[WhiteElo "1291"]
[BlackElo "1552"]
[PlyCount "116"]
[EventDate "2023.07.25"]
[EventRounds "7"]
[EventCountry "ENG"]

1. e4 e6 2. d4 d5 3. exd5 exd5 4. Nf3 Nf6 5. Bd3 Bd6 6. c3 Bg4 7. Bg5 O-O 8. O-O
c6 9. Nbd2 Nbd7 10. Qc2 Qc7 11. h3 Bh5 12. Nh4 Rfe8 13. Nf5 Bf4 14. Bxf4 Qxf4 15.
Rfe1 Re6 16. Nf1 Rae8 17. Rxe6 Rxe6 18. N1g3 Bg6 19. Rd1 Ne4 20. Bxe4 Rxe4 21. Nxe4
Bxf5 22. Qb3 Bxe4 23. Qxb7 Qg5 24. g4 Nf8 25. Qb8 h5 26. Qe5 Qxe5 27. dxe5 hxg4 28.
hxg4 Ne6 29. Kh2 Kf8 30. Kg3 g5 31. f3 Bg6 32. b4 Nf4 33. Rd2 Ke7 34. a4 Bd3 35.
Kf2 Ke6 36. Rd1 Bc2 37. Rd2 Bb3 38. a5 Kxe5 39. Ke3 Ng6 40. Rh2 Nh4 41. Rd2 f5 42.
gxf5 Nxf5+ 43. Kf2 Bc4 44. Rd1 d4 45. Re1+ Kd5 46. cxd4 Nxd4 47. Rd1 Be2 48. Rd2
Kc4 49. Ke3 Nxf3 50. Rxe2 Nh4 51. Rc2+ Kxb4 52. Rxc6 Kb5 53. Rc7 a6 54. Rd7 Nf5+
55. Kf3 Kc6 56. Ra7 Kb5 57. Kg4 Nd4 58. Kxg5 Kxa5  1/2-1/2

[Event "British Chess Championships 2023: U16 Championship"]
[Site "De Montfort University, 20 Western Boulevard, Leicester, LE2 7BU"]
[Date "2023.07.26"]
[Round "2"]
[Board "6"]
[White "Chan, Michelle Ngo Yu"]
[Black "Kathuria, Khush"]
[Result "1-0"]
[WhiteElo "1642"]
[BlackElo "1384"]
[PlyCount "51"]
[EventDate "2023.07.25"]
[EventRounds "7"]
[EventCountry "ENG"]

1. e4 c5 2. Nf3 d6 3. d4 cxd4 4. Nxd4 Nf6 5. Nc3 a6 6. h3 e6 7. Be3 Be7 8. g4 h6
9. Rg1 Nbd7 10. Nf3 b5 11. g5 hxg5 12. Nxg5 Bb7 13. Qf3 Ne5 14. Qg2 d5 15. O-O-O
Qc7 16. f4 Nc4 17. Bxc4 dxc4 18. Nxe6 Qc6 19. Nxg7+ Kf8 20. Nd5 Nxd5 21. exd5 Qf6
22. Bd4 Qxf4+ 23. Kb1 Qh6 24. Rdf1 Bc8 25. Ne6+ Bxe6 26. Bg7+  1-0

[Event "British Chess Championships 2023: U16 Championship"]
[Site "De Montfort University, 20 Western Boulevard, Leicester, LE2 7BU"]
[Date "2023.07.26"]
[Round "2"]
[Board "7"]
[White "Pal, Rohan"]
[Black "Cordova Lopez, Diego Anton"]
[Result "1-0"]
[WhiteElo "1966"]
[BlackElo "1900"]
[PlyCount "39"]
[EventDate "2023.07.25"]
[EventRounds "7"]
[EventCountry "ENG"]

1. e4 c5 2. Nf3 g6 3. d4 cxd4 4. Qxd4 Nf6 5. Nc3 Nc6 6. Qa4 d6 7. e5 dxe5 8. Nxe5
Bg7 9. Bb5 Bd7 10. Nxc6 bxc6 11. Bxc6 Rc8 12. Bxd7+ Nxd7 13. O-O Qc7 14. Re1 e6 15.
Bf4 Qc4 16. Re4 Qxa4 17. Rxa4 O-O 18. Rxa7 Nb6 19. Rb1 Rfd8 20. Bc7  1-0

[Event "British Chess Championships 2023: U16 Championship"]
[Site "De Montfort University, 20 Western Boulevard, Leicester, LE2 7BU"]
[Date "2023.07.26"]
[Round "2"]
[Board "8"]
[White "Wills, Jack"]
[Black "Schell, Finn"]
[Result "0-1"]
[WhiteElo "1674"]
[BlackElo "1744"]
[PlyCount "50"]
[EventDate "2023.07.25"]
[EventRounds "7"]
[EventCountry "ENG"]

1. d4 d5 2. Nf3 Nf6 3. Bf4 e6 4. e3 Bd6 5. Bg3 O-O 6. Bd3 c5 7. c3 Qc7 8. Nbd2 Nbd7
9. Bxd6 Qxd6 10. O-O c4 11. Bc2 e5 12. e4 Qc7 13. dxe5 Nxe5 14. exd5 Bg4 15. Qc1
Nxf3+ 16. Nxf3 Bxf3 17. gxf3 Rad8 18. Be4 Nxd5 19. Qc2 Rd6 20. f4 Nxf4 21. Bxh7+
Kh8 22. Be4 Rh6 23. f3 f5 24. Bxf5 Qc5+ 25. Kh1 Qxf5  0-1

[Event "British Chess Championships 2023: U16 Championship"]
[Site "De Montfort University, 20 Western Boulevard, Leicester, LE2 7BU"]
[Date "2023.07.26"]
[Round "2"]
[Board "9"]
[White "Rich, Aaron"]
[Black "Whelan, Joseph"]
[Result "0-1"]
[WhiteElo "1583"]
[BlackElo "1506"]
[PlyCount "95"]
[EventDate "2023.07.25"]
[EventRounds "7"]
[EventCountry "ENG"]

1. b3 d5 2. Bb2 c5 3. e3 Nc6 4. Bb5 Bd7 5. f4 a6 6. Bxc6 Bxc6 7. Nf3 e6 8. d3 d4
9. e4 Bd6 10. Bc1 h5 11. O-O Ne7 12. Ng5 f6 13. Nxe6 Qd7 14. Nxg7+ Kf7 15. Nxh5 Rag8
16. Ng3 Ng6 17. Qe2 Kf8 18. Nf5 Nh4 19. Nxh4 Rxh4 20. Rf3 Qh7 21. g3 Bd7 22. e5 Bg4
23. exd6 Bxf3 24. Qxf3 Rxh2 25. d7 Ke7 26. Qe4+ Qxe4 27. dxe4 Rxc2 28. Nd2 Rxg3+
29. Kf2 Rgc3 30. e5 fxe5 31. fxe5 Kxd7 32. Ke2 Rxc1 33. Rxc1 Rxc1 34. Ne4 Ke6 35.
Kd2 Kxe5 36. Nf2 Ra1 37. Nd3+ Kd6 38. a4 b5 39. axb5 Ra2+ 40. Kc1 axb5 41. Kb1 Rh2
42. Kc1 c4 43. bxc4 bxc4 44. Nf4 Ke5 45. Ng6+ Ke4 46. Kd1 c3 47. Kc1 Rh6 48. Ne7
 0-1